000 00588nam a22001817a 4500
003 CEME
005 20210628203136.0
008 210223b xxu||||| |||| 00| 0 eng d
020 _a1-57444-300-3
040 _c.
082 _a658.5 MAN
100 _aRevelle, Jack B
_963585
245 _aManufacturing handbook of best practices, an innovation, productvity, and quality focus
260 _aNEW YORK
_bST- LUCIE PRESS
_c2001
300 _a435P
650 _aTECHNOLOGICAL INNOVATIONS- MANAGEMENT, PRODUCT MANAGEMENT, QUALITY CONTROL,ISO 9001:2000,ISO 14001
_963586
942 _cBK
_2ddc
999 _c572356
_d572356